Normal view
MARC view
Entry Personal Name
001 - CONTROL NUMBER
- control field: 14714
003 - CONTROL NUMBER IDENTIFIER
- control field: OSt
005 - DATE AND TIME OF LATEST TRANSACTION
- control field: 20250307001938.0
008 - FIXED-LENGTH DATA ELEMENTS
- fixed length control field: 250307|| aca||aabn | a|a d
040 ## - CATALOGING SOURCE
- Original cataloging agency: OSt
- Transcribing agency: OSt
100 ## - HEADING--PERSONAL NAME
- Personal name: Tolentino, Marra Babes V., author
670 ## - SOURCE DATA FOUND
- Source citation: Work cat.: (OSt): Sebastian, Ma. Analyn H., author. 14713, Tracer study of the BSIE TESDA national competency assessment and certification passers at cavite state university-rosario campus s.y 2003-2004, 2012
